<?xml version="1.0" encoding="UTF-8"?><?xml-stylesheet type="text/xsl" href="static/style.xsl"?><OAI-PMH xmlns="http://www.openarchives.org/OAI/2.0/" xmlns:xsi="http://www.w3.org/2001/XMLSchema-instance" xsi:schemaLocation="http://www.openarchives.org/OAI/2.0/ http://www.openarchives.org/OAI/2.0/OAI-PMH.xsd"><responseDate>2026-04-17T06:22:22Z</responseDate><request verb="GetRecord" identifier="oai:www.recercat.cat:10256/17576" metadataPrefix="marc">https://recercat.cat/oai/request</request><GetRecord><record><header><identifier>oai:recercat.cat:10256/17576</identifier><datestamp>2024-05-22T11:23:07Z</datestamp><setSpec>com_2072_452966</setSpec><setSpec>com_2072_2054</setSpec><setSpec>col_2072_452968</setSpec></header><metadata><record xmlns="http://www.loc.gov/MARC21/slim" xmlns:dcterms="http://purl.org/dc/terms/" xmlns:xsi="http://www.w3.org/2001/XMLSchema-instance" xmlns:doc="http://www.lyncode.com/xoai" xsi:schemaLocation="http://www.loc.gov/MARC21/slim http://www.loc.gov/standards/marcxml/schema/MARC21slim.xsd">
   <leader>00925njm 22002777a 4500</leader>
   <datafield ind2=" " ind1=" " tag="042">
      <subfield code="a">dc</subfield>
   </datafield>
   <datafield ind2=" " ind1=" " tag="720">
      <subfield code="a">Valentí Amengual, Maria</subfield>
      <subfield code="e">author</subfield>
   </datafield>
   <datafield ind2=" " ind1=" " tag="260">
      <subfield code="c">2019</subfield>
   </datafield>
   <datafield ind2=" " ind1=" " tag="520">
      <subfield code="a">Once nursing students complete their undergraduate studies, they will enter the&#xd;
job market, where they will face difficult situations such as: communicating bad&#xd;
news, pain, death, stress, etc., i.e situations of high emotional impact. For this&#xd;
&#xd;
reason, during the degree, it’s very important that students have worked on cons-&#xd;
tructs such as Emotional Intelligence and Resilience, considered positive faculty&#xd;
&#xd;
tools to deal with adverse situations. Emotional Intelligence is known as one of&#xd;
&#xd;
the skills to effectively cope with situations of high emotional impact and Resili-&#xd;
ence has been shown to have a positive impact on the Nursing profession in&#xd;
&#xd;
order to overcome adversity and becoming stronger and more resilient during the&#xd;
experience.&#xd;
The purpose of this study is to evaluate the knowledge and levels of students in&#xd;
&#xd;
the 4th year of the Nursing Degree of the University of Girona on Emotional Inte-&#xd;
lligence and Resilience. In other words, to see if they are sufficiently prepared to&#xd;
&#xd;
offer a good accompaniment during illness, mourning, sadness, suffering, etc .;&#xd;
to see if they are capable of managing their own emotions and consequently&#xd;
those of others and at the same time are becoming more resilient towards the&#xd;
harsh experiences of nursing work. Finally, these two concepts are related.&#xd;
The methodology is carried out with a quantitative, descriptive, univariate and&#xd;
bivariate analysis study on nursing students in their 4th year at the University of&#xd;
&#xd;
Girona. For the statistical analysis and obtaining of results, the SPSS v20 pro-&#xd;
gram has been used.&#xd;
&#xd;
The results obtained in this study will help detect needs related to the training and&#xd;
learning of nursing students and the lack of resources to deal with situations of&#xd;
high emotional impact and adversity during the Nursing profession</subfield>
   </datafield>
   <datafield ind1="8" ind2=" " tag="024">
      <subfield code="a">http://hdl.handle.net/10256/17576</subfield>
   </datafield>
   <datafield tag="653" ind2=" " ind1=" ">
      <subfield code="a">Intel·ligència emocional</subfield>
   </datafield>
   <datafield tag="653" ind2=" " ind1=" ">
      <subfield code="a">Emotional intelligence</subfield>
   </datafield>
   <datafield tag="653" ind2=" " ind1=" ">
      <subfield code="a">Estudiants d'infermeria -- Catalunya -- Girona</subfield>
   </datafield>
   <datafield tag="653" ind2=" " ind1=" ">
      <subfield code="a">Nursing students -- Catalonia -- Girona</subfield>
   </datafield>
   <datafield tag="653" ind2=" " ind1=" ">
      <subfield code="a">Resiliència (Tret de la personalitat)</subfield>
   </datafield>
   <datafield tag="653" ind2=" " ind1=" ">
      <subfield code="a">Resilience (Personality trait)</subfield>
   </datafield>
   <datafield tag="653" ind2=" " ind1=" ">
      <subfield code="a">Infermeria -- Aspectes psicològics</subfield>
   </datafield>
   <datafield tag="653" ind2=" " ind1=" ">
      <subfield code="a">Nursing -- Psychological aspects</subfield>
   </datafield>
   <datafield ind2="0" ind1="0" tag="245">
      <subfield code="a">Intel·ligència emocional i resiliència en els estudiants de quart curs de Grau d’Infermeria: projecte de recerca</subfield>
   </datafield>
</record></metadata></record></GetRecord></OAI-PMH>